000 00664cam a22002413a 4500
001 3403
003 PGUSA
005 20140828083031.0
008 020901s2002||||xxu|||||s|||||000 | eng d
040 _aPGUSA
_beng
042 _adc
050 4 _aPS
100 1 _aHowells, William Dean,
_d1837-1920
245 1 4 _aThe Register
_h[electronic resource] /
_cWilliam Dean Howells
260 _bProject Gutenberg,
_c2002
506 _aPublic domain in the USA.
516 _aElectronic text
653 _aAmerican drama -- 19th century
653 _aComedies
830 0 _aProject Gutenberg
_v3403
856 4 0 _uhttp://www.gutenberg.org/ebooks/3403
942 _cEB
999 _c232732
_d232732